1A Alberta Provincial Girls Basketball Champions - Statistics

General Stats
  • This quiz has been taken 2 times
  • The average score is 19 of 58
Answer Stats
Season Champion % Correct
2017 Parkland Immanuel Christian
100%
2022 Parkland Immanuel Christian
100%
1989 St. Thomas More
100%
1975 Chamberlain
50%
1976 Chamberlain
50%
1977 Chamberlain
50%
1990 Coalhurst
50%
1991 Foremost
50%
1996 Foremost
50%
1997 Foremost
50%
2002 Foremost
50%
2003 Foremost
50%
2004 Foremost
50%
2006 Foremost
50%
2007 Foremost
50%
2019 Koinonia Christian
50%
1969 Livingstone
50%
1965 Morrin
50%
1970 Morrin
50%
1968 Stavely
50%
1992 Stirling
50%
1993 Stirling
50%
1998 Stirling
50%
1999 Stirling
50%
2013 Stirling
50%
2014 Stirling
50%
2015 Stirling
50%
2016 Stirling
50%
2018 Stirling
50%
1988 St. Mary’s (Vegreville)
50%
1985 St. Michael’s (Pincher Creek)
50%
1986 St. Michael’s (Pincher Creek)
50%
1987 St. Michael’s (Pincher Creek)
50%
2011 St. Michael’s (Pincher Creek)
50%
2010 Acme
0%
1983 Ashmont
0%
1984 Bashaw
0%
2000 Carbon
0%
1967 Delia
0%
1994 Erle Rivers
0%
1995 Erle Rivers
0%
2005 Glendon
0%
1979 New Norway
0%
1974 Noble Central
0%
1978 Noble Central
0%
1980 Noble Central
0%
1981 Noble Central
0%
1982 Noble Central
0%
2020 No Champion (COVID-19)
0%
2021 No Champion (COVID-19)
0%
1972 Ryley
0%
2001 Ryley
0%
2008 Ryley
0%
2012 Ryley
0%
1971 St. Joseph’s (Grande Prairie)
0%
1966 Sylvan Lake
0%
1973 Thorsby
0%
2009 Trochu Valley
0%
No matching quizzes found
Score Distribution
Percent of People with Each Score
Percentile by Number Answered
Your Score History
You have not taken this quiz